The memory of history (Record no. 128977)
[ view plain ]
| 000 -LEADER | |
|---|---|
| fixed length control field | 02377cam a22004214a 4500 |
| 001 - CONTROL NUMBER | |
| control field | 13699832 |
| 003 - CONTROL NUMBER IDENTIFIER | |
| control field | ARRUPE |
| 005 - DATE AND TIME OF LATEST TRANSACTION | |
| control field | 20190213100004.0 |
| 008 - FIXED-LENGTH DATA ELEMENTS--GENERAL INFORMATION | |
| fixed length control field | 040824s2002 cc ab 000 0 chi |
| 010 ## - LIBRARY OF CONGRESS CONTROL NUMBER | |
| LC control number | 2004416280 |
| 020 ## - INTERNATIONAL STANDARD BOOK NUMBER | |
| International Standard Book Number | 7508501217 |
| 035 ## - SYSTEM CONTROL NUMBER | |
| System control number | (CStRLIN)DCLP04-B15627 |
| 040 ## - CATALOGING SOURCE | |
| Original cataloging agency | DLC-R |
| Transcribing agency | DLC-R |
| Modifying agency | DLC |
| 041 0# - LANGUAGE CODE | |
| Language code of text/sound track or separate title | chi |
| -- | eng |
| 042 ## - AUTHENTICATION CODE | |
| Authentication code | pcc |
| 043 ## - GEOGRAPHIC AREA CODE | |
| Geographic area code | a-cc--- |
| -- | n-us--- |
| 050 00 - LIBRARY OF CONGRESS CALL NUMBER | |
| Classification number | SPC. D769.S98 |
| Item number | M533 |
| 066 ## - CHARACTER SETS PRESENT | |
| Alternate G0 or G1 character set | $1 |
| 300 ## - PHYSICAL DESCRIPTION | |
| Other physical details | ill. (some col.), 1 col. map ; |
| Dimensions | 31 cm. |
| 245 ## - TITLE STATEMENT | |
| Title | The memory of history |
| Statement of responsibility, etc | State Council Information Office |
| 250 ## - EDITION STATEMENT | |
| Linkage | 880-02 |
| Edition statement | Di 1 ban. |
| 260 ## - PUBLICATION, DISTRIBUTION, ETC. (IMPRINT) | |
| Place of publication, distribution, etc | Beijing : |
| Name of publisher, distributor, etc | China intercontinental Press |
| 300 ## - PHYSICAL DESCRIPTION | |
| Extent | 167 p. : |
| 546 ## - LANGUAGE NOTE | |
| Language note | Chinese and English. |
| 650 #0 - SUBJECT ADDED ENTRY--TOPICAL TERM | |
| Topical term or geographic name as entry element | World War 2 |
| General subdivision | Sino-American operation |
| Form subdivision | Pictorial works. |
| 9 (RLIN) | 44589 |
| 710 2# - ADDED ENTRY--CORPORATE NAME | |
| Linkage | 880-04 |
| Corporate name or jurisdiction name as entry element | Zhonghua Renmin Gongheguo guo wu yuan xin wen ban gong shi. |
| 9 (RLIN) | 44590 |
| 710 2# - ADDED ENTRY--CORPORATE NAME | |
| Linkage | 880-05 |
| Corporate name or jurisdiction name as entry element | Yunnan Sheng ren min zheng fu xin wen ban gong shi. |
| 9 (RLIN) | 44591 |
| 880 00 - ALTERNATE GRAPHIC REPRESENTATION | |
| Linkage | 245-01/$1 |
| a | 历史的记忆 / |
| c | 策划中华人民共和国国务院新闻办公室 ; 编者云南省人民政府新闻办公室 ... [et al.] = The memory of history / masterminded by the State Council Information Office of the People's Republic of China ; compiled by the Information Office of Yunnan Provincial People's government ... [et al.]. |
| 880 ## - ALTERNATE GRAPHIC REPRESENTATION | |
| Linkage | 250-02/$1 |
| a | 第1版. |
| 880 ## - ALTERNATE GRAPHIC REPRESENTATION | |
| Linkage | 260-03/$1 |
| a | 北京 : |
| b | 五洲传播出版社, |
| c | 2002. |
| 880 2# - ALTERNATE GRAPHIC REPRESENTATION | |
| Linkage | 710-04/$1 |
| a | 中华人民共和国国务院新闻办公室. |
| 880 2# - ALTERNATE GRAPHIC REPRESENTATION | |
| Linkage | 710-05/$1 |
| a | 云南省人民政府新闻办公室. |
| 906 ## - LOCAL DATA ELEMENT F, LDF (RLIN) | |
| a | 7 |
| b | cbc |
| c | orignew |
| d | 3 |
| e | ncip |
| f | 20 |
| g | y-rlinjack |
| 942 ## - ADDED ENTRY ELEMENTS (KOHA) | |
| Source of classification or shelving scheme | Library of Congress Classification |
| Koha item type | SPC |
| Withdrawn status | Lost status | Source of classification or shelving scheme | Damaged status | Not for loan | Collection code | Home library | Current library | Shelving location | Date acquired | Total Checkouts | Full call number | Barcode | Date last seen | Price effective from | Koha item type |
|---|---|---|---|---|---|---|---|---|---|---|---|---|---|---|---|
| Library of Congress Classification | SPECIAL Collection | ARRUPE LIBRARY | ARRUPE LIBRARY | REFERENCE | 13/02/2019 | SPC. D769.S98 M533 | 46600003744 | 13/02/2019 | 13/02/2019 | SPC |